Cricket: Players to Take a Test Hat-trick - Statistics

General Stats
  • This quiz has been taken 31 times
    22 since last reset
  • The average score is 12 of 47
Answer Stats
Year For Against Answer % Correct
1994 AUS ENG Shane Warne
90%
2000 AUS WI Glenn McGrath
76%
2014 ENG SL Stuart Broad
76%
2011 ENG IND Stuart Broad
76%
1999 PAK SL Wasim Akram
62%
1999 PAK SL Wasim Akram
62%
2019 IND WI Jasprit Bumrah
57%
2001 IND AUS Harbhajan Singh
52%
2016 SL AUS Rangana Herath
52%
2017 ENG SA Moeen Ali
48%
1988 WI AUS Courtney Walsh
43%
2024 ENG NZ Gus Atkinson
43%
1988 AUS WI Merv Hughes
43%
1999 ENG AUS Darren Gough
38%
2006 IND PAK Irfan Pathan
38%
2011 AUS ENG Peter Siddle
38%
1994 AUS PAK Damien Fleming
29%
2021 SA WI Keshav Maharaj
29%
2004 ENG WI Matthew Hoggard
29%
2020 PAK BAN Naseem Shah
24%
1995 ENG WI Dominic Cork
19%
2008 ENG NZ Ryan Sidebottom
19%
2000 PAK SL Abdul Razzaq
14%
2003 BAN PAK Alok Kapali
10%
2003 WI AUS Jermaine Lawson
10%
1961 WI AUS Lance Gibbs
10%
2002 PAK SL Mohammad Sami
10%
2013 BAN NZ Sohag Gazi
10%
2004 ZIM BAN Andy Blignaut
5%
1879 AUS ENG Frederick Spofforth
5%
1896 ENG SA George Lohmann
5%
1904 AUS ENG Hugh Trumble
5%
1902 AUS ENG Hugh Trumble
5%
2004 NZ BAN James Franklin
5%
1912 AUS SA Jimmy Matthews
5%
1912 AUS SA Jimmy Matthews
5%
1999 SL ZIM Nuwan Zoysa
5%
1959 WI PAK Sir Wes Hall
5%
1883 ENG AUS Billy Bates
0%
1960 SA ENG Geoff Griffin
0%
1899 ENG AUS Jack Hearne
0%
1892 ENG AUS Johnny Briggs
0%
1958 AUS SA Lindsay Kline
0%
1930 ENG NZ Maurice Allom
0%
1957 ENG WI Peter Loader
0%
1976 NZ PAK Peter Petherick
0%
1938 ENG SA Tom Goddard
0%
No matching quizzes found
Score Distribution
Percent of People with Each Score
Percentile by Number Answered
Your Score History
You have not taken this quiz since the last reset